High-speed free-flow electrophoresis on chip /
Tallennettuna:
| Päätekijä: | |
|---|---|
| Muut tekijät: | |
| Aineistotyyppi: | Artikkeli |
| Kieli: | English |
| Aiheet: | |
| Tagit: |
Lisää tagi
Ei tageja, Lisää ensimmäinen tagi!
|
| Thư viện lưu trữ: | Thư viện Trường Đại học Đà Lạt |
|---|
| LEADER | 00864nam a2200301 4500 | ||
|---|---|---|---|
| 001 | DLU090097471 | ||
| 005 | ##20091201 | ||
| 040 | # | # | |a DLU |b eng |
| 041 | # | # | |a eng |
| 044 | # | # | |a us |
| 100 | # | # | |a Zhang, Chao-Xuan. |
| 245 | # | # | |a High-speed free-flow electrophoresis on chip / |c Chao-Xuan Zhang, Andreas Manz. |
| 653 | # | # | |a Aminoacids |
| 653 | # | # | |a Capillary electrophoresis |
| 653 | # | # | |a Fluorescein |
| 653 | # | # | |a Isothiocyanates |
| 653 | # | # | |a Microfluidics |
| 700 | # | # | |a Manz, Andreas. |
| 773 | # | # | |t Analytical Chemistry |g Vol. 75, no. 21 (November 2003), p. 5759-5766 |
| 920 | # | # | |a Phòng Tạp chí -- Trung tâm Thông tin - Thư viện Trường Đại học Đà Lạt |
| 994 | # | # | |a DLU |
| 900 | # | # | |a True |
| 911 | # | # | |a Trương Bảo Trâm Anh |
| 925 | # | # | |a G |
| 926 | # | # | |a A |
| 927 | # | # | |a BB |
| 980 | # | # | |a Thư viện Trường Đại học Đà Lạt |